UA452導入事業者 - Statistics

General Stats
  • This quiz has been taken 15 times
  • The average score is 35 of 73
Answer Stats
Hint Answer % Correct
関東バス
93%
道南バス
86%
仙台市交通局
86%
東京都交通局
86%
西武バス
86%
鹿児島交通
86%
九州 西日本鉄道
79%
北海道 旭川電気軌道
71%
京王バス
71%
伊豆箱根バス
71%
道北バス
64%
函館バス
64%
岩手県交通
64%
茨城交通
64%
関東鉄道
64%
東急バス
64%
横浜市交通局
64%
神奈川中央交通
64%
しずてつジャストライン
64%
神姫バス
64%
近江鉄道
64%
広島交通
64%
ジェイ・アール北海道バス
57%
じょうてつ
57%
岩手県北バス
57%
宮城交通
57%
西東京バス
57%
京浜急行バス
57%
川崎市交通局
57%
江ノ電バス
57%
中部 新潟交通
57%
阪神バス
57%
広島バス
57%
大分交通
57%
近畿 阪急バス
50%
山陽バス
50%
関東 JRバス関東
50%
沿岸バス
43%
千歳相互観光
43%
東北 南部バス
43%
小湊鐵道
43%
京都バス
43%
神戸市交通局
43%
中国 中鉄バス
43%
サンデン交通
43%
西肥バス
43%
那覇バス
43%
あつまバス
36%
相鉄バス
36%
九十九里鐵道
36%
日東交通
36%
京福バス
36%
尼崎市交通局
36%
広島電鉄
36%
昭和自動車
36%
産交バス
36%
北陸鉄道
29%
富士急バス
29%
東濃鉄道
29%
湖国バス
29%
中国バス
29%
呉市交通局
29%
札幌市交通局
21%
銀河鉄道
21%
鞆鉄道
21%
上田バス
14%
明石市交通部
14%
姫路市企業局
14%
島原鉄道
14%
種子島・屋久島交通
14%
中国JRバス
14%
高槻市交通部
7%
本四海峡バス
7%
No matching quizzes found
Score Distribution
Percent of People with Each Score
Percentile by Number Answered
Your Score History
You have not taken this quiz